UM Logo

Breaking through general chemistry : (Record no. 18561)

MARC details
000 -LEADER
fixed length control field 00562nam a22001577a 4500
008 - FIXED-LENGTH DATA ELEMENTS--GENERAL INFORMATION
fixed length control field 231201b ||||| |||| 00| 0 eng d
020 ## - INTERNATIONAL STANDARD BOOK NUMBER
International Standard Book Number 9789719809562
082 ## - DEWEY DECIMAL CLASSIFICATION NUMBER
Edition number 2021 vol.1
Classification number DFil 540
Item number B147
100 ## - MAIN ENTRY--PERSONAL NAME
Personal name Baguio, Sol Saranay M.
9 (RLIN) 50344
245 ## - TITLE STATEMENT
Title Breaking through general chemistry :
Remainder of title for senior high school /
Statement of responsibility, etc. Sol Saranay M. Baguio.
260 ## - PUBLICATION, DISTRIBUTION, ETC. (IMPRINT)
Place of publication, distribution, etc. Quezon City :
Name of publisher, distributor, etc. C&E publishing, Inc.,
Date of publication, distribution, etc. ©2021.
300 ## - PHYSICAL DESCRIPTION
Extent xxvi, 374 pages :
Other physical details color illustrations ;
Dimensions 26 cm.
500 ## - GENERAL NOTE
General note Includes glossary and index.
650 ## - SUBJECT ADDED ENTRY--TOPICAL TERM
Topical term or geographic name as entry element Chemistry.
9 (RLIN) 50430
942 ## - ADDED ENTRY ELEMENTS (KOHA)
Source of classification or shelving scheme Dewey Decimal Classification
Koha item type Filipiniana
Holdings
Withdrawn status Lost status Source of classification or shelving scheme Damaged status Not for loan Collection code Home library Current library Shelving location Date acquired Source of acquisition Cost, normal purchase price Total Checkouts Full call number Barcode Date last seen Date last checked out Copy number Price effective from Koha item type
    Dewey Decimal Classification     Filipiniana UM Digos College - LIC UM Digos College - LIC Book Cart 08/08/2023 Purchased 898.00 2 DFil 540 B147 2021 vol. 1 27323 01/07/2026 12/18/2025 vol. 1 12/01/2023 Filipiniana